[Event "Faxe EMT"]
[Site "Faxe"]
[Date "2010.05.05"]
[Round "7"]
[White "Andersen, Hans Poul"]
[Black "Lillebro, Verner"]
[Result "0-1"]
[WhiteElo "1172"]
[BlackElo "1224"]
[PlyCount "106"]
[EventDate "2010.03.17"]
[EventType "swiss"]
[EventRounds "7"]
[EventCountry "DEN"]
[SourceTitle "EXT 2023"]
[Source "ChessBase"]
[SourceDate "2022.10.05"]
[SourceVersion "1"]
[SourceVersionDate "2022.10.05"]
[SourceQuality "1"]

1. e4 c5 2. c4 Nc6 3. Nf3 g6 4. Nc3 Bg7 5. d3 d6 6. h3 Nf6 7. Be2 0-0 8. 0-0 e5 9. Bg5 Be6 10. a3 Qd7 11. Bxf6 Bxf6 12. Nd5 Bxd5 13. cxd5 Ne7 14. Rb1 Bg7 15. Nh2 f5 16. exf5 Nxf5 17. Bg4 Qf7 18. Bxf5 Qxf5 19. Qe2 Rae8 20. Qf3 Qd7 21. Qe2 b6 22. Qc2 Rf5 23. Rbe1 Qb7 24. b4 cxb4 25. axb4 b5 26. Qc6 Qxc6 27. dxc6 Rf4 28. Re4 Rc8 29. Rc1 Bh6 30. Rc2 Rf7 31. Ng4 Bg7 32. Ne3 Bf8 33. Nd5 Rf5 34. c7 Kf7 35. Rc6 Ke6 36. Ne3 Rf7 37. d4 Rfxc7 38. Ra6 Bg7 39. d5+ Kd7 40. Kh2 Rf8 41. Ng4 h5 42. Ne3 Bh6 43. Nd1 Rf4 44. f3 Rxe4 45. fxe4 Bd2 46. Ra2 Bxb4 47. Rb2 a5 48. Rf2 Ke7 49. Re2 Bc5 50. g4 h4 51. g5 b4 52. Nb2 Bd4 53. Nd3 b3 0-1

[Event "Ostsjaellands op"]
[Site "Faxe"]
[Date "2006.04.21"]
[Round "6"]
[White "Andersen, Hans Poul"]
[Black "Lillebro, Verner"]
[Result "0-1"]
[WhiteElo "1419"]
[BlackElo "1226"]
[PlyCount "58"]
[EventDate "2006.03.15"]
[EventType "swiss"]
[EventRounds "7"]
[EventCountry "DEN"]
[SourceTitle "EXT 2023"]
[Source "ChessBase"]
[SourceDate "2022.10.05"]
[SourceVersion "1"]
[SourceVersionDate "2022.10.05"]
[SourceQuality "1"]

1. e4 e5 2. Nf3 f5 3. d3 fxe4 4. dxe4 d6 5. h3 Nf6 6. Bd3 Nc6 7. a3 Be7 8. Nc3 b6 9. Bd2 Bb7 10. 0-0 Qd7 11. Bg5 0-0-0 12. Nd5 h6 13. Nxe7+ Nxe7 14. Bxf6 gxf6 15. Kh2 Rdg8 16. Nh4 Kb8 17. Qf3 f5 18. Rfe1 Rg5 19. Qe2 f4 20. c4 Rhg8 21. Rg1 Bc8 22. Qf3 Ng6 23. Nf5 Bb7 24. b4 Rxf5 25. Qg4 Rf7 26. Qxd7 Rxd7 27. a4 Nh4 28. f3 Rdg7 29. Bf1 Nxf3+ 0-1

[Event "Faxe EMT"]
[Site "Faxe"]
[Date "2005.05.18"]
[Round "7"]
[White "Lillebro, Verner"]
[Black "Nielsen, Johannes"]
[Result "1-0"]
[WhiteElo "1194"]
[BlackElo "1057"]
[PlyCount "82"]
[EventDate "2005.03.30"]
[EventType "swiss"]
[EventRounds "7"]
[EventCountry "DEN"]
[SourceTitle "EXT 2023"]
[Source "ChessBase"]
[SourceDate "2022.10.05"]
[SourceVersion "1"]
[SourceVersionDate "2022.10.05"]
[SourceQuality "1"]

1. d4 d5 2. Bf4 e6 3. a3 Bd6 4. Bxd6 cxd6 5. Nf3 Nf6 6. Nc3 h6 7. e3 0-0 8. Bd3 a6 9. 0-0 Re8 10. Ne2 Nc6 11. c4 dxc4 12. Bxc4 b5 13. Bb3 Bb7 14. Qd3 Na5 15. Bc2 Bxf3 16. gxf3 Nb7 17. Kh1 d5 18. Rg1 e5 19. Rg3 Qd7 20. Rag1 g6 21. Rxg6+ fxg6 22. Qxg6+ Kf8 23. Qxf6+ Qf7 24. Qxh6+ Ke7 25. Rg7 Rh8 26. Rxf7+ Kxf7 27. Qg6+ Ke7 28. Qg7+ Kd6 29. dxe5+ Kc6 30. Nd4+ Kb6 31. Qf6+ Ka7 32. Nc6+ Kb6 33. b4 Rhc8 34. Ne7+ Ka7 35. Nxc8+ Rxc8 36. Bf5 Rc1+ 37. Kg2 Rc7 38. e6 Nd6 39. e7 Nxf5 40. e8Q Nh4+ 41. Qxh4 Rb7 1-0

[Event "Faxe EMT"]
[Site "Faxe"]
[Date "2005.04.11"]
[Round "2"]
[White "Lillebro, Verner"]
[Black "Andersen, Hans Poul"]
[Result "0-1"]
[WhiteElo "1194"]
[BlackElo "1400"]
[PlyCount "60"]
[EventDate "2005.03.30"]
[EventType "swiss"]
[EventRounds "7"]
[EventCountry "DEN"]
[SourceTitle "EXT 2023"]
[Source "ChessBase"]
[SourceDate "2022.10.05"]
[SourceVersion "1"]
[SourceVersionDate "2022.10.05"]
[SourceQuality "1"]

1. d4 d5 2. c4 e6 3. cxd5 exd5 4. Nf3 Be7 5. Bf4 Nc6 6. e3 a6 7. a3 h6 8. Nc3 Nf6 9. Be2 0-0 10. 0-0 Bf5 11. Nh4 Bh7 12. f3 Nh5 13. Bxh6 Bxh4 14. f4 Nf6 15. Bg5 Bxg5 16. fxg5 Ne4 17. Nxe4 Bxe4 18. h4 Qd6 19. Rf4 Rae8 20. Kf2 Ne7 21. h5 Nf5 22. Qh1 Nxe3 23. Rxe4 Rxe4 24. g3 Qe6 25. h6 Qf5+ 26. Kg1 Qxg5 27. h7+ Kh8 28. Qf3 Nf5 29. Kf2 Rfe8 30. Bd3 Qd2+ 0-1

[Event "Faxe EMT"]
[Site "Faxe"]
[Date "2003.04.28"]
[Round "6"]
[White "Lillebro, Verner"]
[Black "Nielsen, Johannes"]
[Result "1-0"]
[WhiteElo "1300"]
[BlackElo "1192"]
[PlyCount "69"]
[EventDate "2003.03.19"]
[EventType "swiss"]
[EventRounds "7"]
[EventCountry "DEN"]
[SourceTitle "EXT 2023"]
[Source "ChessBase"]
[SourceDate "2022.10.05"]
[SourceVersion "1"]
[SourceVersionDate "2022.10.05"]
[SourceQuality "1"]

1. d4 d5 2. c4 e6 3. cxd5 exd5 4. Bf4 Nf6 5. Nf3 Nc6 6. e3 Ne4 7. a3 h6 8. Qc2 Bf5 9. Qb3 b6 10. Nc3 Nxc3 11. Qxc3 Bd7 12. Bb5 Qf6 13. Rc1 0-0-0 14. Bxc6 Bxc6 15. Qxc6 Qxc6 16. Rxc6 Bd6 17. Bxd6 Rxd6 18. Rxd6 cxd6 19. 0-0 Kd7 20. Rc1 Rb8 21. h4 f6 22. g4 a5 23. Kg2 Re8 24. Rc3 Re4 25. Kg3 Re8 26. Rb3 Kc6 27. a4 Rb8 28. h5 Kd7 29. Nd2 Rc8 30. Rxb6 Rc1 31. Nb3 Rg1+ 32. Kf3 Ke6 33. Nxa5 f5 34. gxf5+ Kxf5 35. Rxd6 1-0

[Event "Faxe EMT"]
[Site "Faxe"]
[Date "2003.04.16"]
[Round "4"]
[White "Nielsen, Poul Erik2222"]
[Black "Lillebro, Verner"]
[Result "1-0"]
[WhiteElo "1246"]
[BlackElo "1300"]
[PlyCount "157"]
[EventDate "2003.03.19"]
[EventType "swiss"]
[EventRounds "7"]
[EventCountry "DEN"]
[SourceTitle "EXT 2023"]
[Source "ChessBase"]
[SourceDate "2022.10.05"]
[SourceVersion "1"]
[SourceVersionDate "2022.10.05"]
[SourceQuality "1"]

1. c4 c6 2. d4 Nf6 3. Nc3 d5 4. cxd5 cxd5 5. Nf3 Nc6 6. a3 h6 7. h3 Bf5 8. e3 e6 9. b4 Be7 10. Bb2 a6 11. Be2 0-0 12. 0-0 Rc8 13. Rc1 Rc7 14. b5 axb5 15. Nxb5 Rc8 16. Bd3 Ne4 17. Rc2 Nd6 18. Bxf5 Nxf5 19. Qd3 Nd6 20. Rfc1 Ne4 21. Nc3 Nxc3 22. Rxc3 Qd7 23. Qb5 Bf6 24. a4 Rc7 25. Ba3 Rfc8 26. Bc5 Nb8 27. Qxd7 Nxd7 28. Bb4 Rxc3 29. Rxc3 Rxc3 30. Bxc3 Nb6 31. a5 Nc4 32. Kf1 Bd8 33. Ke2 Bxa5 34. Bxa5 Nxa5 35. Kd3 Nc4 36. Nd2 Nxd2 37. Kxd2 Kf8 38. Kc3 Ke7 39. Kb4 Kd7 40. Kb5 Kc7 41. g4 g5 42. f3 f6 43. e4 dxe4 44. fxe4 Kd6 45. Kb6 Kd7 46. Kxb7 Kd6 47. Kb6 Kd7 48. Kc5 Kc7 49. d5 exd5 50. Kxd5 Kd7 51. e5 fxe5 52. Kxe5 Ke7 53. Kf5 Kf7 54. Ke5 Kg6 55. Ke6 h5 56. Ke5 hxg4 57. hxg4 Kg7 58. Kf5 Kf7 59. Kxg5 Kg7 60. Kh5 Kh7 61. g5 Kh8 62. Kg6 Kg8 63. Kf6 Kf8 64. Kg6 Kg8 65. Kh6 Kh8 66. g6 Kg8 67. g7 Kf7 68. Kh7 Ke6 69. g8Q+ Ke5 70. Qd8 Ke4 71. Kg6 Ke5 72. Kg5 Ke4 73. Qa5 Kd4 74. Kf4 Kd3 75. Qa4 Kd2 76. Qa3 Ke2 77. Ke4 Kd2 78. Qb2+ Kd1 79. Ke3 1-0